[Event "Ontario op"]
[Site "Ottawa CAN"]
[Date "2009.05.18"]
[Round "6"]
[White "Tuxanidy Torres, Aleksandr"]
[Black "Upper, John"]
[Result "1-0"]
[WhiteElo "2221"]
[BlackElo "2098"]
[PlyCount "69"]
[GameId "2160767910156678"]
[EventDate "2009.05.16"]
[EventType "swiss"]
[EventRounds "6"]
[EventCountry "CAN"]
[SourceTitle "EXT 2011"]
[Source "ChessBase"]
[SourceDate "2011.11.26"]
[SourceVersion "1"]
[SourceVersionDate "2011.11.26"]
[SourceQuality "1"]

1. e4 e6 2. d4 d5 3. Nd2 Nf6 4. e5 Nfd7 5. Bd3 c5 6. c3 Nc6 7. Ne2 cxd4 8. cxd4 f6 9. exf6 Qxf6 10. Nf3 h6 11. O-O Bd6 12. Ng3 O-O 13. Bc2 Rd8 14. Re1 Nf8 15. Ne5 Bd7 16. f4 Be8 17. Be3 Rac8 18. a3 Na5 19. Bd3 b5 20. b3 Rc7 21. Bd2 Nb7 22. Qg4 Rb8 23. Kh1 Be7 24. f5 Nd6 25. Rf1 Qh4 26. Qe2 Qxd4 27. fxe6 Ne4 28. Nf5 Qxe5 29. Bf4 Qxe6 30. Bxc7 Rc8 31. Qg4 Bf6 32. Rac1 Bg6 33. Bxe4 dxe4 34. Nxh6+ Kh7 35. Nf5 1-0

[Event "Ontario op"]
[Site "Ottawa CAN"]
[Date "2009.05.18"]
[Round "6"]
[White "Wight, Keith"]
[Black "Xiong, Jerry"]
[Result "0-1"]
[WhiteElo "2074"]
[BlackElo "2171"]
[PlyCount "54"]
[GameId "2160767910156679"]
[EventDate "2009.05.16"]
[EventType "swiss"]
[EventRounds "6"]
[EventCountry "CAN"]
[SourceTitle "EXT 2011"]
[Source "ChessBase"]
[SourceDate "2011.11.26"]
[SourceVersion "1"]
[SourceVersionDate "2011.11.26"]
[SourceQuality "1"]

1. e4 c5 2. Nf3 d6 3. d4 cxd4 4. Nxd4 Nf6 5. Nc3 g6 6. Be3 Bg7 7. f3 O-O 8. Qd2 Nc6 9. O-O-O Qa5 10. Nb3 Qc7 11. g4 Be6 12. h4 Ne5 13. Be2 Bc4 14. h5 Bxe2 15. Qxe2 Rfc8 16. hxg6 fxg6 17. g5 Nh5 18. Nd5 Qd7 19. Qg2 e6 20. Nf6+ Nxf6 21. gxf6 Bxf6 22. Bg5 Bh8 23. f4 Nc4 24. Qh3 Bxb2+ 25. Kb1 Bh8 26. e5 Qf7 27. exd6 Na3+ 0-1

[Event "PWC Toronto op"]
[Site "Toronto CAN"]
[Date "2009.04.17"]
[Round "1"]
[White "Barrios, Felix"]
[Black "Kagramanov, Dalia"]
[Result "1-0"]
[WhiteElo "2244"]
[BlackElo "2093"]
[PlyCount "79"]
[GameId "2160767910157102"]
[EventDate "2009.04.17"]
[EventType "swiss"]
[EventRounds "5"]
[EventCountry "CAN"]
[SourceTitle "The Week in Chess 754"]
[Source "Mark Crowther"]
[SourceDate "2009.04.20"]
[SourceVersion "1"]
[SourceVersionDate "2009.04.20"]
[SourceQuality "2"]

1. d4 Nf6 2. c4 g6 3. Nc3 d5 4. cxd5 Nxd5 5. Bd2 Bg7 6. e4 Nxc3 7. Bxc3 O-O 8. Be2 Nd7 9. Nf3 Nf6 10. Qc2 b6 11. Rd1 Bb7 12. Nd2 Rc8 13. O-O Qd7 14. Rfe1 e6 15. h3 Rfd8 16. Bf3 c6 17. Nc4 b5 18. Na5 Ba8 19. Nb3 Qe7 20. Ba5 Re8 21. Re3 Nd7 22. Rc3 Nb6 23. e5 Nc4 24. a3 Bf8 25. Bb4 Qc7 26. Bxf8 Rxf8 27. Nc5 f6 28. Nxe6 Qe7 29. Nxf8 Rxf8 30. exf6 Qxf6 31. a4 a6 32. b3 Na5 33. Rc5 Qe6 34. Rd3 Qd6 35. Qd2 Qd8 36. h4 Qb6 37. h5 Rf6 38. axb5 axb5 39. Re3 Kf8 40. Rce5 1-0

[Event "PWC Toronto op"]
[Site "Toronto CAN"]
[Date "2009.04.17"]
[Round "1"]
[White "Day, Lawrence"]
[Black "Wang, Jesse BJ"]
[Result "1/2-1/2"]
[WhiteElo "2274"]
[BlackElo "2017"]
[PlyCount "56"]
[GameId "2160767910157108"]
[EventDate "2009.04.17"]
[EventType "swiss"]
[EventRounds "5"]
[EventCountry "CAN"]
[SourceTitle "The Week in Chess 754"]
[Source "Mark Crowther"]
[SourceDate "2009.04.20"]
[SourceVersion "1"]
[SourceVersionDate "2009.04.20"]
[SourceQuality "2"]

1. Nf3 d5 2. d3 Nf6 3. h3 c5 4. c3 Nc6 5. Bf4 e6 6. Nbd2 Bd6 7. Bg5 h6 8. Bxf6 Qxf6 9. g3 O-O 10. Bg2 Bd7 11. O-O Rac8 12. e3 b6 13. Qe2 e5 14. a3 Bb8 15. Rfc1 Be6 16. b4 cxb4 17. axb4 Qe7 18. b5 Na5 19. Kh2 Qe8 20. Rab1 Bd7 21. Ne1 Rc5 22. c4 dxc4 23. dxc4 f5 24. Nd3 Rc8 25. Bd5+ Kh8 26. e4 f4 27. Rg1 f3 28. Nxf3 Nxc4 1/2-1/2

[Event "PWC Toronto op"]
[Site "Toronto CAN"]
[Date "2009.04.17"]
[Round "1"]
[White "Egorov, Mikhail"]
[Black "Hartman, Brian"]
[Result "1/2-1/2"]
[WhiteElo "2046"]
[BlackElo "2409"]
[PlyCount "125"]
[GameId "2160767910157110"]
[EventDate "2009.04.17"]
[EventType "swiss"]
[EventRounds "5"]
[EventCountry "CAN"]
[SourceTitle "The Week in Chess 754"]
[Source "Mark Crowther"]
[SourceDate "2009.04.20"]
[SourceVersion "1"]
[SourceVersionDate "2009.04.20"]
[SourceQuality "2"]

1. b3 e5 2. Bb2 d6 3. e3 Nf6 4. c4 g6 5. d4 exd4 6. Bxd4 Bg7 7. Nf3 O-O 8. Be2 Re8 9. O-O a5 10. Nbd2 Nc6 11. Bc3 Qe7 12. h3 Bd7 13. a3 Bh6 14. Re1 Nh5 15. Bf1 Bg7 16. Bxg7 Nxg7 17. Qc2 Ne6 18. Ne4 Ne5 19. Nxe5 dxe5 20. Qb2 Ng5 21. Nxg5 Qxg5 22. Kh2 Be6 23. Rad1 Red8 24. Qc3 b6 25. Rxd8+ Rxd8 26. Be2 h5 27. Rd1 Rxd1 28. Bxd1 Qd8 29. Be2 Qd6 30. b4 axb4 31. axb4 c5 32. bxc5 Qxc5 33. Qd2 Qc7 34. g3 Kf8 35. h4 Ke7 36. Qb2 Qc5 37. Qa1 Qa5 38. Qb2 Kd6 39. Kg2 Qc5 40. Qd2+ Kc7 41. Qa2 Qa5 42. Qb2 Kd6 43. Qc2 Qb4 44. Qd3+ Ke7 45. Qe4 Kf6 46. Qf3+ Kg7 47. Qe4 Qb2 48. Bf1 Bg4 49. Qb7 Qb1 50. f4 e4 51. Qd5 Bh3+ 52. Kxh3 Qxf1+ 53. Kh2 Qf2+ 54. Kh3 Qxe3 55. Qe5+ Kf8 56. Qh8+ Ke7 57. Qe5+ Kd7 58. Qd5+ Kc8 59. Qc6+ Kd8 60. Qd5+ Kc8 61. Qc6+ Kb8 62. Qe8+ Kb7 63. Qd7+ 1/2-1/2

[Event "PWC Toronto op"]
[Site "Toronto CAN"]
[Date "2009.04.17"]
[Round "1"]
[White "Gerzhoy, Leonid"]
[Black "Moffat, Andrei"]
[Result "1-0"]
[WhiteElo "2420"]
[BlackElo "2132"]
[PlyCount "61"]
[GameId "2160767910157111"]
[EventDate "2009.04.17"]
[EventType "swiss"]
[EventRounds "5"]
[EventCountry "CAN"]
[SourceTitle "The Week in Chess 754"]
[Source "Mark Crowther"]
[SourceDate "2009.04.20"]
[SourceVersion "1"]
[SourceVersionDate "2009.04.20"]
[SourceQuality "2"]

1. e4 c5 2. Nf3 a6 3. c3 d6 4. d4 Nd7 5. Be2 Qc7 6. O-O Ngf6 7. Nbd2 e5 8. dxe5 dxe5 9. Qc2 Be7 10. Rd1 O-O 11. Nf1 Qc6 12. Ng3 b5 13. Nf5 Re8 14. Nxe7+ Rxe7 15. a4 Bb7 16. axb5 axb5 17. Rxa8+ Bxa8 18. Bg5 c4 19. b3 Re8 20. bxc4 bxc4 21. Nd2 h6 22. Be3 Rc8 23. f3 Nb6 24. Rb1 Nfd7 25. Rb4 Qe6 26. Qa2 f5 27. exf5 Qd6 28. Nxc4 Nxc4 29. Rxc4 Rxc4 30. Bxc4+ Kh7 31. Qxa8 1-0

[Event "PWC Toronto op"]
[Site "Toronto CAN"]
[Date "2009.04.17"]
[Round "1"]
[White "Hambleton, Aman"]
[Black "Friedel, Joshua E"]
[Result "0-1"]
[WhiteElo "2052"]
[BlackElo "2516"]
[PlyCount "104"]
[GameId "2160767910157112"]
[EventDate "2009.04.17"]
[EventType "swiss"]
[EventRounds "5"]
[EventCountry "CAN"]
[SourceTitle "CBM 129 Extra"]
[Source "ChessBase"]
[SourceDate "2009.05.05"]
[SourceVersion "2"]
[SourceVersionDate "2009.05.20"]
[SourceQuality "1"]

1. d4 Nf6 2. c4 c5 3. d5 b5 4. cxb5 a6 5. bxa6 g6 6. Nc3 Bxa6 7. e4 Bxf1 8. Kxf1 d6 9. Nf3 Bg7 10. h3 O-O 11. Kg1 Na6 12. Kh2 Qb6 13. Re1 Nb4 14. Be3 Qa6 15. Re2 Nd7 16. Qd2 Nb6 17. Bh6 Nc4 18. Qf4 Nd3 19. Qh4 f6 20. b3 Bxh6 21. Qxh6 Nce5 22. Qe3 Nxf3+ 23. Qxf3 c4 24. Rd1 Rfc8 25. Qg3 cxb3 26. Qxd3 Rxc3 27. Qxa6 Rxa6 28. axb3 Rxb3 29. Rc1 Ra7 30. f3 Kf7 31. h4 h5 32. Rec2 f5 33. exf5 gxf5 34. Rd2 Ra4 35. Kg3 Re3 36. Rcd1 Kf6 37. Kf2 Rb3 38. Kg3 Rbb4 39. Re1 Rd4 40. Ree2 Kf7 41. Rb2 Rxd5 42. Rb7 Re5 43. Rxe5 dxe5 44. Rb6 f4+ 45. Kf2 Ra2+ 46. Kf1 Ra1+ 47. Ke2 Rg1 48. Rh6 Rxg2+ 49. Kd3 e6 50. Rxh5 Kf6 51. Rh6+ Ke7 52. Rh7+ Kd6 0-1

[Event "PWC Toronto op"]
[Site "Toronto CAN"]
[Date "2009.04.17"]
[Round "1"]
[White "Lavin, David"]
[Black "Armstrong, Robert J"]
[Result "1/2-1/2"]
[WhiteElo "2219"]
[BlackElo "1803"]
[PlyCount "69"]
[GameId "2160767910157116"]
[EventDate "2009.04.17"]
[EventType "swiss"]
[EventRounds "5"]
[EventCountry "CAN"]

1. d4 g6 2. c4 Bg7 3. e4 d6 4. Nc3 Nf6 5. f3 O-O 6. Be3 Nc6 7. Rb1 e5 8. d5 Ne7 9. Bd3 Nd7 10. Nge2 f5 11. g4 Nc5 12. gxf5 Nxd3+ 13. Qxd3 gxf5 14. Bg5 Rf7 15. Ng3 Qf8 16. Bxe7 Qxe7 17. Nxf5 Bxf5 18. exf5 Raf8 19. O-O Qg5+ 20. Kh1 Rxf5 21. Ne4 Qh5 22. Kg2 Bh6 23. Ng3 Rg5 24. Rf2 Rg6 25. Kf1 Qh3+ 26. Ke2 Rf4 27. Ne4 Rg2 28. Rbf1 Qxh2 29. Rxg2+ Qxg2+ 30. Rf2 Qh3 31. c5 Qf5 32. cxd6 cxd6 33. Qb5 Rxe4+ 34. fxe4 Qxe4+ 35. Kf1 1/2-1/2

[Event "PWC Toronto op"]
[Site "Toronto CAN"]
[Date "2009.04.17"]
[Round "1"]
[White "Sapozhnikov, Roman"]
[Black "Knox, Christopher"]
[Result "1-0"]
[WhiteElo "2153"]
[BlackElo "1975"]
[PlyCount "88"]
[GameId "2160767910157123"]
[EventDate "2009.04.17"]
[EventType "swiss"]
[EventRounds "5"]
[EventCountry "CAN"]
[SourceTitle "The Week in Chess 754"]
[Source "Mark Crowther"]
[SourceDate "2009.04.20"]
[SourceVersion "1"]
[SourceVersionDate "2009.04.20"]
[SourceQuality "2"]

1. e4 c5 2. Nf3 d6 3. d4 cxd4 4. Nxd4 Nf6 5. Nc3 a6 6. h3 Nbd7 7. g4 h6 8. Bg2 e6 9. O-O Qc7 10. f4 e5 11. Nde2 exf4 12. Bxf4 Ne5 13. Nd4 Be6 14. Kh1 Be7 15. Nd5 Bxd5 16. exd5 O-O-O 17. a4 g5 18. Ra3 Kb8 19. Rc3 Qa5 20. Qe1 gxf4 21. Rc8+ Rxc8 22. Qxa5 Rc5 23. Qe1 Ng6 24. Qb4 Ka8 25. Nc6 Bd8 26. Qd4 bxc6 27. dxc6 Bc7 28. Qxf6 Rf8 29. Be4 Ne5 30. Qe7 Rc8 31. Bf5 Nxc6 32. Qxf7 Ne5 33. Qg7 Re8 34. Rxf4 d5 35. Qxh6 Rc6 36. Qh5 Re7 37. Qh8+ Ka7 38. Rf1 Nc4 39. Bd3 Ne3 40. Rf8 Be5 41. Ra8+ Kb7 42. Qd8 Rcc7 43. Qb8+ Kc6 44. Rxa6+ Kc5 1-0

[Event "PWC Toronto op"]
[Site "Toronto CAN"]
[Date "2009.04.17"]
[Round "1"]
[White "Semyonov, Vladimir"]
[Black "Puri, Vinny"]
[Result "0-1"]
[WhiteElo "2070"]
[BlackElo "2235"]
[PlyCount "86"]
[GameId "2160767910157124"]
[EventDate "2009.04.17"]
[EventType "swiss"]
[EventRounds "5"]
[EventCountry "CAN"]
[SourceTitle "The Week in Chess 754"]
[Source "Mark Crowther"]
[SourceDate "2009.04.20"]
[SourceVersion "1"]
[SourceVersionDate "2009.04.20"]
[SourceQuality "2"]

1. d4 Nf6 2. Nf3 g6 3. Bf4 Bg7 4. e3 O-O 5. h3 d5 6. Nbd2 c5 7. c3 cxd4 8. exd4 Bf5 9. Be2 Ne4 10. Qb3 Nxd2 11. Nxd2 Qd7 12. Nf3 Nc6 13. O-O Rac8 14. Rfe1 f6 15. Bf1 Rfe8 16. Rad1 Kh8 17. Bg3 Rcd8 18. Nh4 Be6 19. Nf3 Bg8 20. Qc2 a6 21. b4 e5 22. dxe5 fxe5 23. b5 axb5 24. Bxb5 e4 25. Bxc6 bxc6 26. Nd2 Qf5 27. Nb3 Qf6 28. Rd4 Qf8 29. a4 c5 30. Rdd1 d4 31. cxd4 cxd4 32. Nd2 Bd5 33. Qc7 e3 34. fxe3 dxe3 35. Nf3 Rc8 36. Qf4 Bxf3 37. gxf3 e2 38. Qxf8+ Bxf8 39. Rd5 Bb4 40. Be5+ Rxe5 41. Rxe5 Bxe1 42. Rxe2 Ba5 43. Re5 Ra8 0-1

[Event "PWC Toronto op"]
[Site "Toronto CAN"]
[Date "2009.04.17"]
[Round "1"]
[White "Wight, Keith"]
[Black "Barron, Michael"]
[Result "1-0"]
[WhiteElo "2030"]
[BlackElo "2252"]
[PlyCount "53"]
[GameId "2160767910157130"]
[EventDate "2009.04.17"]
[EventType "swiss"]
[EventRounds "5"]
[EventCountry "CAN"]
[SourceTitle "The Week in Chess 754"]
[Source "Mark Crowther"]
[SourceDate "2009.04.20"]
[SourceVersion "1"]
[SourceVersionDate "2009.04.20"]
[SourceQuality "2"]

1. e4 e5 2. Nf3 Nc6 3. d4 exd4 4. Nxd4 Qh4 5. Nb5 Bc5 6. Qe2 Nf6 7. N1c3 Kd8 8. Be3 Nxe4 9. Nxe4 Bxe3 10. Qxe3 Re8 11. Bd3 f5 12. g3 Qh5 13. Qf4 d6 14. Nxc7 fxe4 15. Qxd6+ Bd7 16. Bb5 Rc8 17. Nxe8 Kxe8 18. Rd1 Qh3 19. Kd2 Bg4 20. Qe5+ Kf8 21. Qf4+ Kg8 22. Rde1 Nd4 23. Rxe4 Rxc2+ 24. Kd3 Bf5 25. Kxd4 Bxe4 26. Qxe4 Rxf2 27. Qe8+ 1-0

[Event "PWC Toronto op"]
[Site "Toronto CAN"]
[Date "2009.04.18"]
[Round "2"]
[White "Friedel, Joshua E"]
[Black "Barrios, Felix"]
[Result "1-0"]
[WhiteElo "2516"]
[BlackElo "2244"]
[PlyCount "45"]
[GameId "2160767910157136"]
[EventDate "2009.04.17"]
[EventType "swiss"]
[EventRounds "5"]
[EventCountry "CAN"]
[SourceTitle "CBM 129 Extra"]
[Source "ChessBase"]
[SourceDate "2009.05.05"]
[SourceVersion "2"]
[SourceVersionDate "2009.05.20"]
[SourceQuality "1"]

1. e4 b6 2. d4 Bb7 3. Bd3 Nf6 4. Qe2 Nc6 5. c3 e5 6. Nf3 exd4 7. e5 Nd5 8. Be4 Nde7 9. O-O dxc3 10. Nxc3 Qc8 11. Rd1 Nd8 12. Nd4 Ne6 13. Nxe6 dxe6 14. Bg5 h6 15. Rac1 a6 16. Bh4 g5 17. Qf3 Ra7 18. Bxb7 Qxb7 19. Ne4 Nd5 20. Nf6+ Nxf6 21. Qxf6 Ra8 22. Bxg5 hxg5 23. Qxh8 1-0

[Event "PWC Toronto op"]
[Site "Toronto CAN"]
[Date "2009.04.18"]
[Round "2"]
[White "Gregorz, Ralph"]
[Black "Peng, David Yu"]
[Result "1/2-1/2"]
[WhiteElo "2060"]
[BlackElo "2245"]
[PlyCount "68"]
[GameId "2160767910157138"]
[EventDate "2009.04.17"]
[EventType "swiss"]
[EventRounds "5"]
[EventCountry "CAN"]
[SourceTitle "CBM 129 Extra"]
[Source "ChessBase"]
[SourceDate "2009.05.05"]
[SourceVersion "2"]
[SourceVersionDate "2009.05.20"]
[SourceQuality "1"]

1. c4 Nf6 2. d4 g6 3. Nf3 Bg7 4. g3 d6 5. Bg2 O-O 6. Nc3 Nc6 7. O-O a6 8. Bd2 Bd7 9. Rc1 h6 10. d5 Na5 11. Nb1 c5 12. dxc6 bxc6 13. b4 Nb7 14. Bc3 e5 15. Nfd2 Qc7 16. e4 Rfe8 17. Na3 Rad8 18. Nc2 h5 19. Ne3 Qb6 20. Qe2 h4 21. Bf3 Kh7 22. Rfd1 Bh6 23. Ndf1 Rb8 24. a3 Qc7 25. Rb1 Rg8 26. Kh1 Rbf8 27. Ng2 hxg3 28. hxg3 Kg7 29. Nge3 Rh8 30. Kg1 Bxe3 31. Nxe3 Re8 32. Qd2 Be6 33. Nf5+ Bxf5 34. exf5 Rd8 1/2-1/2

[Event "PWC Toronto op"]
[Site "Toronto CAN"]
[Date "2009.04.18"]
[Round "2"]
[White "Livshits, Ron"]
[Black "Calugar, Arthur"]
[Result "1-0"]
[WhiteElo "2332"]
[BlackElo "2072"]
[PlyCount "85"]
[GameId "2160767910157143"]
[EventDate "2009.04.17"]
[EventType "swiss"]
[EventRounds "5"]
[EventCountry "CAN"]
[SourceTitle "The Week in Chess 754"]
[Source "Mark Crowther"]
[SourceDate "2009.04.20"]
[SourceVersion "1"]
[SourceVersionDate "2009.04.20"]
[SourceQuality "2"]

1. d4 Nf6 2. c4 g6 3. Nc3 d5 4. Bf4 Bg7 5. Rc1 O-O 6. e3 c5 7. dxc5 Be6 8. Nf3 Nc6 9. Ng5 Qa5 10. Nxe6 fxe6 11. Be2 Rad8 12. Qa4 Qxa4 13. Nxa4 d4 14. Bf3 Nd7 15. Ke2 e5 16. Bg3 Rc8 17. Rhd1 e6 18. a3 Kf7 19. b4 g5 20. h4 gxh4 21. Bxh4 Nf6 22. Bxf6 Bxf6 23. Rh1 Kg8 24. Be4 Rc7 25. Rh5 Rg7 26. Rch1 Rff7 27. Nb2 Ne7 28. Bxb7 dxe3 29. fxe3 Nf5 30. Rxf5 exf5 31. Bd5 Kh8 32. Bxf7 Rxg2+ 33. Kd1 Rxb2 34. c6 Bd8 35. Rh6 f4 36. exf4 exf4 37. Bd5 f3 38. Bxf3 Rf2 39. Rd6 Bc7 40. Rd7 Rxf3 41. Rxc7 Rf6 42. b5 Rf8 43. Rd7 1-0

[Event "PWC Toronto op"]
[Site "Toronto CAN"]
[Date "2009.04.18"]
[Round "2"]
[White "MacKinnon, Keith"]
[Black "Gerzhoy, Leonid"]
[Result "0-1"]
[WhiteElo "2145"]
[BlackElo "2420"]
[PlyCount "52"]
[GameId "2160767910157144"]
[EventDate "2009.04.17"]
[EventType "swiss"]
[EventRounds "5"]
[EventCountry "CAN"]
[SourceTitle "CBM 129 Extra"]
[Source "ChessBase"]
[SourceDate "2009.05.05"]
[SourceVersion "2"]
[SourceVersionDate "2009.05.20"]
[SourceQuality "1"]

1. e4 c6 2. d4 d5 3. exd5 cxd5 4. c4 Nf6 5. Nc3 e6 6. Nf3 Be7 7. cxd5 Nxd5 8. Bd3 Nc6 9. O-O O-O 10. a3 Bf6 11. Qc2 h6 12. Rd1 Bd7 13. Be4 Rc8 14. Bxd5 exd5 15. Nxd5 Nxd4 16. Qd3 Nxf3+ 17. Qxf3 Be5 18. Qe3 Re8 19. Qf3 Ba4 20. Rd3 Bb5 21. Re3 Bc6 22. Rd3 Bd4 23. Bg5 hxg5 24. Rxd4 Re5 25. Rad1 Bxd5 26. Rxd5 Rxd5 0-1

[Event "PWC Toronto op"]
[Site "Toronto CAN"]
[Date "2009.04.18"]
[Round "2"]
[White "Puri, Vinny"]
[Black "Perelshteyn, Eugene"]
[Result "0-1"]
[WhiteElo "2235"]
[BlackElo "2543"]
[PlyCount "44"]
[GameId "2160767910157148"]
[EventDate "2009.04.17"]
[EventType "swiss"]
[EventRounds "5"]
[EventCountry "CAN"]
[SourceTitle "The Week in Chess 754"]
[Source "Mark Crowther"]
[SourceDate "2009.04.20"]
[SourceVersion "1"]
[SourceVersionDate "2009.04.20"]
[SourceQuality "2"]

1. d4 Nf6 2. c4 g6 3. Nc3 Bg7 4. e4 d6 5. f3 a6 6. Be3 c6 7. a3 b5 8. cxb5 cxb5 9. d5 O-O 10. Bd3 e6 11. dxe6 Bxe6 12. Nge2 Nc6 13. O-O d5 14. exd5 Nxd5 15. Nxd5 Bxd5 16. Nc3 Bb3 17. Qxb3 Qxd3 18. Rfe1 Na5 19. Qb4 Nc4 20. Rad1 Qc2 21. Bc1 Rfe8 22. a4 Bf8 0-1

[Event "PWC Toronto op"]
[Site "Toronto CAN"]
[Date "2009.04.18"]
[Round "2"]
[White "Siddeley, Hugh"]
[Black "Semyonov, Vladimir"]
[Result "1-0"]
[WhiteElo "2003"]
[BlackElo "2070"]
[PlyCount "43"]
[GameId "2160767910157151"]
[EventDate "2009.04.17"]
[EventType "swiss"]
[EventRounds "5"]
[EventCountry "CAN"]
[SourceTitle "The Week in Chess 754"]
[Source "Mark Crowther"]
[SourceDate "2009.04.20"]
[SourceVersion "1"]
[SourceVersionDate "2009.04.20"]
[SourceQuality "2"]

1. e4 e6 2. d4 d5 3. Nc3 Nf6 4. e5 Nfd7 5. Nce2 c5 6. f4 Nc6 7. Nf3 f6 8. c3 Qb6 9. a3 a5 10. g3 cxd4 11. cxd4 Be7 12. Bh3 fxe5 13. fxe5 Rf8 14. Rf1 a4 15. Nf4 Nd8 16. Qd3 Rh8 17. Rf2 Qa6 18. Qb1 Nb6 19. Bf1 Nc4 20. Bd3 Qa5+ 21. Kf1 Qa6 22. Kg2 1-0

[Event "PWC Toronto op"]
[Site "Toronto CAN"]
[Date "2009.04.18"]
[Round "2"]
[White "Wang, Jesse BJ"]
[Black "Lavin, David"]
[Result "1/2-1/2"]
[WhiteElo "2017"]
[BlackElo "2224"]
[PlyCount "95"]
[GameId "2160767910157154"]
[EventDate "2009.04.17"]
[EventType "swiss"]
[EventRounds "5"]
[EventCountry "CAN"]
[SourceTitle "The Week in Chess 754"]
[Source "Mark Crowther"]
[SourceDate "2009.04.20"]
[SourceVersion "1"]
[SourceVersionDate "2009.04.20"]
[SourceQuality "2"]

1. e4 c5 2. Nc3 d6 3. f4 Nc6 4. Nf3 Nf6 5. Bc4 e6 6. O-O Be7 7. d4 cxd4 8. Nxd4 O-O 9. Nxc6 bxc6 10. Bd3 e5 11. f5 d5 12. Qf3 Rb8 13. g4 Rb4 14. a3 dxe4 15. Qg2 exd3 16. axb4 Qd4+ 17. Kh1 dxc2 18. g5 Nd5 19. Nxd5 cxd5 20. f6 Bxb4 21. fxg7 Kxg7 22. Qxc2 Bg4 23. Qf2 Qxf2 24. Rxf2 Bc5 25. Rf6 Be6 26. Bd2 e4 27. Rff1 e3 28. Rac1 Rc8 29. Rxc5 Rxc5 30. Bxe3 Rc2 31. Bxa7 Kg6 32. Rf2 Rxf2 33. Bxf2 Kxg5 34. Kg2 Kf4 35. Bd4 Ke4 36. Bf6 d4 37. Kf2 d3 38. Ke1 Ke3 39. Bg5+ Kf3 40. Bf6 h6 41. Kd2 Bc4 42. Bg7 h5 43. Bf6 Kg4 44. h4 Kf5 45. Bd8 Ke5 46. Ke3 f5 47. Bc7+ Kd5 48. Bf4 1/2-1/2

[Event "PWC Toronto op"]
[Site "Toronto CAN"]
[Date "2009.04.18"]
[Round "3"]
[White "Bluvshtein, Ilia"]
[Black "Armstrong, Robert J"]
[Result "1/2-1/2"]
[WhiteElo "2200"]
[BlackElo "1803"]
[PlyCount "136"]
[GameId "2160767910157159"]
[EventDate "2009.04.17"]
[EventType "swiss"]
[EventRounds "5"]
[EventCountry "CAN"]

1. e4 g6 2. d4 Bg7 3. Nc3 d6 4. f4 Nf6 5. Nf3 O-O 6. Bd3 c5 7. dxc5 dxc5 8. O-O Nc6 9. Be3 Qa5 10. h3 Rd8 11. Qe1 Nd4 12. Qf2 Qb4 13. a3 Qb6 14. Na4 Qc6 15. Nxc5 Nxf3+ 16. Qxf3 b6 17. Nb3 Qa4 18. e5 Nd5 19. Bd4 e6 20. Rf2 Bb7 21. Be4 Rac8 22. g4 Rc4 23. Rd1 Bc6 24. Rfd2 Rc8 25. Nc1 Ne7 26. b3 Bxe4 27. Qxe4 Qc6 28. Qxc6 R4xc6 29. c4 a5 30. Ne2 Bf8 31. Nc3 Rd8 32. Be3 Rxd2 33. Rxd2 Nc8 34. Rd8 Kg7 35. Nb5 a4 36. f5 gxf5 37. gxf5 exf5 38. Nd4 Rg6+ 39. Kf2 axb3 40. Nxf5+ Kg8 41. Bh6 Rxh6 42. Nxh6+ Kg7 43. Nf5+ Kg6 44. Nh4+ Kh5 45. Nf3 Bc5+ 46. Ke2 b2 47. Nd2 Ne7 48. a4 Nc6 49. Rh8 Nxe5 50. Rxh7+ Kg5 51. Nb1 f5 52. Rc7 Nxc4 53. Kd3 Ne5+ 54. Kc3 Bd6 55. Rb7 Bc5 56. Kxb2 Kh4 57. Rh7+ Kg3 58. h4 f4 59. h5 Be3 60. h6 f3 61. Rg7+ Ng4 62. Kc2 Bxh6 63. Rf7 f2 64. Nd2 Kg2 65. Kd1 Bxd2 66. Kxd2 f1=Q 67. Rxf1 Kxf1 68. Kc3 Nf6 1/2-1/2

[Event "PWC Toronto op"]
[Site "Toronto CAN"]
[Date "2009.04.18"]
[Round "3"]
[White "Calugar, Arthur"]
[Black "Wang, Jesse BJ"]
[Result "1-0"]
[WhiteElo "2072"]
[BlackElo "2017"]
[PlyCount "61"]
[GameId "2160767910157160"]
[EventDate "2009.04.17"]
[EventType "swiss"]
[EventRounds "5"]
[EventCountry "CAN"]
[SourceTitle "The Week in Chess 754"]
[Source "Mark Crowther"]
[SourceDate "2009.04.20"]
[SourceVersion "1"]
[SourceVersionDate "2009.04.20"]
[SourceQuality "2"]

1. Nf3 Nf6 2. b3 d6 3. d4 g6 4. Bb2 Bg7 5. c4 c5 6. Nc3 cxd4 7. Nxd4 Nc6 8. e3 O-O 9. Be2 Nxd4 10. exd4 d5 11. O-O Be6 12. c5 Ne4 13. Nxe4 dxe4 14. Qd2 Bd5 15. Bc4 Rc8 16. Rad1 Qd7 17. Rfe1 e6 18. Qe2 a6 19. Bc1 Qc7 20. g3 Qc6 21. Bf4 Rfd8 22. Qe3 Bxc4 23. bxc4 Qa4 24. Qxe4 Qxc4 25. Bd6 b6 26. Qb7 bxc5 27. dxc5 Bd4 28. Qe4 e5 29. Bxe5 Bxf2+ 30. Kxf2 Qxa2+ 31. Re2 1-0

[Event "PWC Toronto op"]
[Site "Toronto CAN"]
[Date "2009.04.18"]
[Round "3"]
[White "Egorov, Mikhail"]
[Black "Stevens, Christian"]
[Result "1/2-1/2"]
[WhiteElo "2046"]
[BlackElo "2310"]
[PlyCount "42"]
[GameId "2160767910157163"]
[EventDate "2009.04.17"]
[EventType "swiss"]
[EventRounds "5"]
[EventCountry "CAN"]
[SourceTitle "The Week in Chess 754"]
[Source "Mark Crowther"]
[SourceDate "2009.04.20"]
[SourceVersion "1"]
[SourceVersionDate "2009.04.20"]
[SourceQuality "2"]

1. e4 c5 2. Nc3 e6 3. f4 d5 4. Nf3 dxe4 5. Nxe4 Nc6 6. Bb5 Bd7 7. O-O Be7 8. d3 Nf6 9. Qe2 O-O 10. Be3 b6 11. a3 Nd4 12. Bxd4 Bxb5 13. Nxf6+ Bxf6 14. Bxf6 Qxf6 15. Qe5 Qxe5 16. Nxe5 f6 17. Nc4 Bxc4 18. dxc4 Rfd8 19. Rad1 Kf7 20. Kf2 Ke7 21. Rd3 Rd6 1/2-1/2